茨城県内の駅 - Statistics

General Stats
  • This quiz has been taken 41 times
    33 since last reset
  • The average score is 63 of 130
Answer Stats
Answer % Correct
水戸
100%
つくば
95%
日立
95%
土浦
95%
取手
95%
勝田
90%
ひたち野うしく
90%
龍ケ崎市
90%
古河
90%
守谷
86%
高萩
86%
偕楽園
86%
荒川沖
86%
牛久
86%
藤代
86%
鹿島神宮
86%
竜ヶ崎
86%
研究学園
81%
東海
81%
友部
81%
石岡
81%
結城
81%
常陸太田
81%
大甕
76%
常陸大宮
76%
大津港
71%
常陸多賀
71%
羽鳥
71%
神立
71%
笠間
71%
鹿島サッカースタジアム
71%
大洗
71%
みどりの
67%
みらい平
67%
赤塚
67%
内原
67%
下館
67%
常陸大子
67%
水海道
67%
高浜
62%
上菅谷
62%
下菅谷
62%
潮来
62%
下妻
62%
万博記念公園
57%
十王
57%
岩間
57%
小田林
57%
新守谷
57%
新取手
57%
磯原
52%
東結城
52%
袋田
52%
中菅谷
52%
那珂湊
52%
新鉾田
52%
佐貫
52%
西取手
52%
南中郷
48%
岩瀬
48%
常陸鴻巣
48%
北水海道
48%
小木津
43%
佐和
43%
下野宮
43%
瓜連
43%
常陸青柳
43%
阿字ケ浦
43%
南守谷
43%
宍戸
38%
稲田
38%
羽黒
38%
大和
38%
新治
38%
川島
38%
西金
38%
山方宿
38%
38%
東水戸
38%
常澄
38%
涸沼
38%
長者ケ浜潮騒はまなす公園前
38%
石下
38%
福原
33%
下小川
33%
常陸津田
33%
延方
33%
北浦湖畔
33%
鹿島灘
33%
入地
33%
下館二高前
33%
玉戸
29%
上小川
29%
後台
29%
高田の鉄橋
29%
大洋
29%
宗道
29%
小絹
29%
ひぐち
29%
中舟生
24%
河合
24%
工機前
24%
美乃浜学園
24%
徳宿
24%
南石下
24%
三妻
24%
ゆめみ野
24%
寺原
24%
折本
24%
野上原
19%
玉川村
19%
額田
19%
鹿島旭
19%
鹿島大野
19%
大田郷
19%
騰波ノ江
19%
大宝
19%
中妻
19%
戸頭
19%
稲戸井
19%
谷河原
14%
南酒出
14%
磯崎
14%
荒野台
14%
金上
10%
中根
10%
殿山
10%
平磯
10%
黒子
10%
玉村
10%
No matching quizzes found
Score Distribution
Percent of People with Each Score
Percentile by Number Answered
Your Score History
You have not taken this quiz since the last reset